[Event "Team XLink Internal Tournament #2"]
[Site "SchemingMind.com"]
[Date "2007.05.26"]
[Round "-"]
[White "Abstract Actuary"]
[Black "Lee Shuck"]
[Result "1-0"]
[WhiteCountry "USA"]
[BlackCountry "ENG"]
[WhiteElo "1826"]
[WhiteRD "79"]
[BlackElo "1447"]
[BlackRD "67"]
[GameID "106236"]

1. e4 e5 2. Nf3 Nc6 3. Bb5 a6 4. Ba4 Nf6 5. O-O Be7 6. Re1 b5 7. Bb3 d6 8. c3 O-O 9. h3 Na5 10. Bc2 c5
11. d4 Qc7 12. Bg5 h6 13. Bh4 Nc4 14. b3 Nb6 15. Nbd2 cxd4 16. cxd4 Be6 17. Bg3 Qc6 18. d5 Qxd5 19. exd5 Bxd5 20. Be4 Rfc8
21. Bxd5 Nbxd5 22. Bh4 e4 23. Nxe4 Nxe4 24. Bxe7
1-0

[Event "Team XLink Internal Tournament #2"]
[Site "SchemingMind.com"]
[Date "2007.05.26"]
[Round "-"]
[White "Lee Shuck"]
[Black "Abstract Actuary"]
[Result "0-1"]
[WhiteCountry "ENG"]
[BlackCountry "USA"]
[WhiteElo "1447"]
[WhiteRD "67"]
[BlackElo "1826"]
[BlackRD "79"]
[GameID "106237"]

1. e4 e5 2. Nf3 Nf6 3. Bb5 c6 4. Be2 Nxe4 5. Nxe5 Qf6 6. Ng4 Qf5 7. O-O Bc5 8. d4 Bb6 9. Qd3 O-O 10. Nc3 d5
11. f3 Nxc3 12. Qxc3 Re8 13. Bd3 Qh5 14. Bd2 Bxg4 15. fxg4 Qxg4 16. Rae1 Nd7 17. h3 Qh4 18. Bf5 Bxd4+ 19. Qxd4 Qxd4+ 20. Rf2 Rxe1+
21. Kh2 Qxf2
0-1

[Event "Team XLink Internal Tournament #2"]
[Site "SchemingMind.com"]
[Date "2007.05.26"]
[Round "-"]
[White "Wolli"]
[Black "Lee Shuck"]
[Result "1-0"]
[WhiteCountry "GER"]
[BlackCountry "ENG"]
[WhiteElo "1874"]
[WhiteRD "70"]
[BlackElo "1478"]
[BlackRD "64"]
[GameID "106264"]

1. d4 d5 2. c4 Nf6 3. Nc3 e6 4. Bg5 Be7 5. Nf3 O-O 6. e3 Nbd7 7. Bd3 dxc4 8. Bxc4 h6 9. Bh4 a6 10. O-O b5
11. Bb3 Bb7 12. Rc1 Ng4 13. Bxe7 Qxe7 14. Qd3 b4 15. Bc2 Ngf6 16. Ne2 Bxf3 17. gxf3 Nd5 18. Qh7#
1-0

[Event "Team XLink Internal Tournament #2"]
[Site "SchemingMind.com"]
[Date "2007.05.21"]
[Round "-"]
[White "Wolli"]
[Black "Abstract Actuary"]
[Result "0-1"]
[WhiteCountry "GER"]
[BlackCountry "USA"]
[WhiteElo "1845"]
[WhiteRD "73"]
[BlackElo "1834"]
[BlackRD "91"]
[GameID "106265"]

1. d4 Nf6 2. c4 e6 3. Nc3 Bb4 4. a3 Bxc3+ 5. bxc3 c5 6. e3 O-O 7. Bd3 Nc6 8. Ne2 b6 9. e4 d6 10. O-O h6
11. f4 Ba6 12. e5 dxe5 13. fxe5 Nd7 14. Qa4 Na5 15. Be3 Qc7 16. Nf4 cxd4 17. cxd4 Bxc4 18. Rac1 b5 19. Qxb5 Bxb5 20. Rxc7 Bxd3
21. Nxd3 Nb6 22. Nb4 Nac4 23. Bf2 Nxa3 24. d5 Nxd5 25. Nxd5 exd5 26. Rd7 Rfd8 27. Rxd8+ Rxd8 28. Bxa7 d4 29. Rd1 d3 30. Bb6 Rd5
31. Kf2 Nc4 32. Bc7 Kh7 33. Kf3 Rd4 34. g3 Kg6 35. h4 h5 36. Bb8 Kf5 37. Bc7 d2
0-1

[Event "Team XLink Internal Tournament #2"]
[Site "SchemingMind.com"]
[Date "2007.05.26"]
[Round "-"]
[White "Lee Shuck"]
[Black "Wolli"]
[Result "1/2-1/2"]
[WhiteCountry "ENG"]
[BlackCountry "GER"]
[WhiteElo "1512"]
[WhiteRD "71"]
[BlackElo "1852"]
[BlackRD "71"]
[GameID "106266"]

1. e4 d6 2. d4 Nf6 3. Nc3 g6 4. Nf3 Bg7 5. Be2 O-O 6. O-O Na6 7. e5 dxe5 8. dxe5 Nd7 9. Be3 Nxe5 10. Bf4 Nxf3+
11. Bxf3 c6 12. Re1 e6 13. Qxd8 Rxd8 14. Rad1 Rxd1 15. Rxd1 Bxc3 16. bxc3 f6 17. Bh6 e5 18. Rd8+ Kf7 19. Bf8 Nc7 20. Bg4 Ne6
21. Bxe6+ Kxe6 22. g4 Kf7 23. Bd6 b6 24. f4 e4 25. Kf2 f5 26. Rf8+=
1/2-1/2

[Event "Team XLink Internal Tournament #2"]
[Site "SchemingMind.com"]
[Date "2007.05.21"]
[Round "-"]
[White "Abstract Actuary"]
[Black "Wolli"]
[Result "0-1"]
[WhiteCountry "USA"]
[BlackCountry "GER"]
[WhiteElo "1847"]
[WhiteRD "94"]
[BlackElo "1874"]
[BlackRD "70"]
[GameID "106267"]

1. e4 d6 2. d4 Nf6 3. Nc3 g6 4. Bf4 Nbd7 5. Nf3 Bg7 6. e5 dxe5 7. dxe5 Nh5 8. Be3 Nxe5 9. Qxd8+ Kxd8 10. O-O-O+ Bd7
11. Nxe5 Bxe5 12. Ne4 Nf6 13. Ng5 Rf8 14. Bc4 e6 15. Bc5 Bd6 16. Bxd6 cxd6 17. Rxd6 Ke7 18. Rhd1 Rad8 19. f3 h6 20. Nh3 Nd5
21. Bxd5 Kxd6 22. Bxb7+ Ke7 23. Ba6 Bc6 24. Re1 Rd4 25. Bd3 Rfd8 26. Nf2 h5 27. Ne4 Bd5 28. b3 h4 29. a3 Bxb3 30. Nc5 Bc4
31. Kb2 Bxd3 32. Nxd3 f6 33. Nb4 R8d6 34. Kc3 Rd1 35. Re2 g5 36. Nd3 Rh1 37. h3 Ra1 38. Kb2 Rd1 39. Kc3 e5 40. Re4 Rc6+
41. Kb3 Rd2 42. Ne1 Ke6 43. c3 Kd5 44. Nc2 Rb6+ 45. Nb4+ Kc5 46. Rc4+ Kd6 47. Rc8 Rxg2 48. c4 Kd7 49. Ra8 Rb7 50. c5 Ke6
51. c6 Rc7 52. Rd8 Rg3 53. Kc4 Rxf3 54. Kb5 Rxa3 55. Nd5 Rg7 56. c7 Rxc7 57. Nxc7+ Kf5 58. Rf8 Rxh3 59. Nd5 g4 60. Nxf6 g3
61. Nd5+ Ke4 62. Nc3+ Kd3 63. Nd1 Rh2 64. Rg8 e4 65. Rg4 e3
0-1

[Event "Team XLink Internal Tournament #2"]
[Site "SchemingMind.com"]
[Date "2007.05.26"]
[Round "-"]
[White "jtrochez1"]
[Black "Lee Shuck"]
[Result "1-0"]
[WhiteCountry "HON"]
[BlackCountry "ENG"]
[WhiteElo "1524"]
[WhiteRD "49"]
[BlackElo "1479"]
[BlackRD "68"]
[GameID "106277"]

1. e4 e5 2. Nf3 Nc6 3. Bc4 Bc5 4. d3 Nf6 5. h3 O-O 6. Nc3 d6 7. Bg5 h6 8. Bh4 Nd4 9. a3 Qd7 10. Bxf6 gxf6
11. Ne2 Nxf3+ 12. gxf3 b5 13. Ba2 b4 14. c3 bxa3 15. b4 Bb6 16. f4 a5 17. f5 c5 18. Qd2 axb4 19. Qxh6 Bd8 20. Rg1#
1-0

[Event "Team XLink Internal Tournament #2"]
[Site "SchemingMind.com"]
[Date "2007.05.22"]
[Round "-"]
[White "jtrochez1"]
[Black "Wolli"]
[Result "0-1"]
[WhiteCountry "HON"]
[BlackCountry "GER"]
[WhiteElo "1549"]
[WhiteRD "50"]
[BlackElo "1900"]
[BlackRD "73"]
[GameID "106278"]

1. e4 d6 2. Nf3 Nf6 3. Nc3 g6 4. h3 Bg7 5. d3 O-O 6. Be2 e5 7. Bg5 h6 8. Bh4 Nbd7 9. Nd5 c6 10. Nxf6+ Nxf6
11. O-O Qb6 12. b3 Nh5 13. Be7 Re8 14. Bxd6 Ng3 15. Re1 Nxe2+ 16. Qxe2 c5 17. Bxe5 Bxe5 18. Nxe5 Rxe5 19. c4 Be6 20. Qf1 Rd8
21. Re3 Bc8 22. Qe2 Rd4 23. f4 Re7 24. Rg3 Red7 25. Rf1 Qd6 26. Rff3 Kh7 27. e5 Qa6 28. Re3 Rd8 29. h4 Bf5 30. Rgf3 h5
31. Rg3 Rxf4 32. Qb2 Rxh4 33. a4 Rhd4 34. Qe2 Qb6 35. Kh2 Qxb3 36. e6 fxe6 37. Rxe6 Rh4+ 38. Kg1 Qb1+ 39. Kf2 Rf4+ 40. Rf3 Rxf3+
41. gxf3 Bxe6 42. Qxe6 Qc2+ 43. Kg3 Qxd3 44. Qf7+ Kh6 45. Qf4+ Kg7 46. Qc7+ Qd7 47. Qxc5 Qd6+ 48. Qxd6 Rxd6
0-1

[Event "Team XLink Internal Tournament #2"]
[Site "SchemingMind.com"]
[Date "2007.05.22"]
[Round "-"]
[White "jtrochez1"]
[Black "Abstract Actuary"]
[Result "0-1"]
[WhiteCountry "HON"]
[BlackCountry "USA"]
[WhiteElo "1569"]
[WhiteRD "49"]
[BlackElo "1834"]
[BlackRD "91"]
[GameID "106279"]

1. e4 e5 2. Bc4 Nc6 3. Nf3 h6 4. c3 Nf6 5. d3 Bc5 6. h3 O-O 7. a3 a6 8. b4 Ba7 9. O-O b5 10. Ba2 Bb7
11. Bd2 d6 12. Qc1 Kh7 13. Be1 Ne7 14. Nbd2 Ng6 15. Bb1 d5 16. Nb3 dxe4 17. dxe4 Bxe4 18. Bxe4 Nxe4 19. Kh1 Qf6 20. Nbd2 Nxd2
21. Bxd2 Rfe8 22. Nh2 Rad8 23. Ng4 Qh4 24. Be3 Bxe3 25. fxe3 f6 26. Qb2 Rd3 27. Rad1 Red8 28. Qc2 Rxd1 29. Rxd1 Rxd1+ 30. Qxd1 Qg3
31. Qe2 Ne7 32. Nh2 e4 33. Nf1 Qe5 34. Qc2 Nd5 35. c4 Nb6 36. c5 Nc4 37. a4 c6 38. axb5 axb5 39. Nd2 Nxe3 40. Qxe4+ Qxe4
41. Nxe4 Nd5 42. Kg1 Nxb4 43. Kf1 Kg6 44. Nd6 Nd3 45. Ne4 Kf5 46. Nd6+ Ke6 47. Ne4 Kd5
0-1

[Event "Team XLink Internal Tournament #2"]
[Site "SchemingMind.com"]
[Date "2007.05.26"]
[Round "-"]
[White "Lee Shuck"]
[Black "jtrochez1"]
[Result "1-0"]
[WhiteCountry "ENG"]
[BlackCountry "HON"]
[WhiteElo "1512"]
[WhiteRD "71"]
[BlackElo "1500"]
[BlackRD "47"]
[GameID "106280"]

1. e4 c5 2. Nf3 Nc6 3. d4 cxd4 4. Nxd4 Nxd4 5. Qxd4 Qc7 6. Nc3 e6 7. Bb5 a6 8. Ba4 Nf6 9. O-O Bc5 10. Qd2 O-O
11. b3 Qb8 12. Qf4 Qxf4 13. Bxf4 d5 14. Rfe1 Ng4 15. exd5 Bxf2+ 16. Kf1 Bxe1 17. Rxe1 b5 18. Bd6 Re8 19. Nxb5 Bd7 20. Nc7 Bxa4
21. Nxe8 Rxe8 22. bxa4 Nf6 23. dxe6 Rxe6 24. Rxe6 fxe6 25. c4 Ne4 26. c5 Kf7 27. Ke2 Nc3+ 28. Kd2 Nxa2 29. c6 Ke8 30. Ke3 Nc3
31. Kd4 Nxa4 32. Ke5 Kf7 33. c7 Nb6 34. Bc5 Nc8 35. Kf4 Ke8 36. Bd4 Kd7 37. Be5 g6 38. Kg5 Ne7 39. Kh6 Nc6 40. Bd6 a5
41. Kxh7 Nb4 42. Kxg6 a4 43. Bxb4 Kxc7 44. h4 e5 45. Kf5 Kc6 46. h5
1-0

[Event "Team XLink Internal Tournament #2"]
[Site "SchemingMind.com"]
[Date "2007.05.22"]
[Round "-"]
[White "Wolli"]
[Black "jtrochez1"]
[Result "1-0"]
[WhiteCountry "GER"]
[BlackCountry "HON"]
[WhiteElo "1900"]
[WhiteRD "73"]
[BlackElo "1549"]
[BlackRD "50"]
[GameID "106281"]

1. d4 d5 2. c4 e6 3. Nc3 Bb4 4. a3 Bxc3+ 5. bxc3 Ne7 6. e3 Nd7 7. Nf3 b6 8. Bd3 h6 9. O-O O-O 10. cxd5 exd5
11. c4 c6 12. cxd5 cxd5 13. Bd2 a5 14. a4 Ba6 15. Bxa6 Rxa6 16. Qe2 Ra8 17. e4 dxe4 18. Qxe4 Nf6 19. Qf4 Ng6 20. Qf5 Qd5
21. Qxd5 Nxd5 22. Ne5 Nxe5 23. dxe5 Nc7 24. f4 Rad8 25. Rfd1 f6 26. exf6 gxf6 27. Be3 Nd5 28. Kf2 Nxe3 29. Kxe3 f5 30. Rxd8 Rxd8
31. Rb1 Rd6 32. Rb5 Rf6 33. Kd4 Kf7 34. Ke5 h5 35. g3 Kg6 36. Rd5 h4 37. Rd6 Rxd6 38. Kxd6 Kh5 39. Ke5 Kg4 40. gxh4 Kxh4
41. Kxf5 Kh3 42. Ke4 Kg4 43. f5 Kg5 44. h4+
1-0

[Event "Team XLink Internal Tournament #2"]
[Site "SchemingMind.com"]
[Date "2007.05.22"]
[Round "-"]
[White "Abstract Actuary"]
[Black "jtrochez1"]
[Result "1-0"]
[WhiteCountry "USA"]
[BlackCountry "HON"]
[WhiteElo "1834"]
[WhiteRD "91"]
[BlackElo "1569"]
[BlackRD "49"]
[GameID "106282"]

1. e4 e5 2. Nf3 Nc6 3. Bb5 d6 4. h3 Bd7 5. O-O Be7 6. c3 a6 7. Ba4 Qc8 8. Kh2 Be6 9. d4 Bd7 10. Re1 h6
11. Bxc6 Bxc6 12. dxe5 dxe5 13. Nxe5 Bd6 14. f4 Nf6 15. Nxc6 bxc6 16. e5 Bxe5 17. Rxe5+ Kf8 18. Qa4 g5 19. Qxc6 Kg7 20. fxg5 hxg5
21. Bxg5 Ng4+ 22. Kg1 Nxe5 23. Qf6+ Kg8 24. Qxe5 Qd7 25. Nd2 Re8 26. Qg3 Kf8 27. Re1 Rxe1+ 28. Qxe1 Qe8 29. Qxe8+ Kxe8 30. Bf4 Kd7
31. b4 f5 32. a4 c6 33. Kf2 Ke6 34. Nf3 Kd5 35. Be5 Re8 36. Bd4 Kc4 37. h4 Re7 38. g3 Rh7 39. Ng5 Rh5 40. Kf3 Kb3
41. a5 Kc2 42. Kf4 Rh6 43. Kxf5 Rd6 44. h5 Kd3 45. Ne6 Rd8 46. Nxd8
1-0

[Event "Team XLink Internal Tournament #2"]
[Site "SchemingMind.com"]
[Date "2007.05.23"]
[Round "-"]
[White "whitelynx"]
[Black "jtrochez1"]
[Result "1-0"]
[WhiteCountry "BLR"]
[BlackCountry "HON"]
[WhiteElo "1708"]
[WhiteRD "115"]
[BlackElo "1569"]
[BlackRD "49"]
[GameID "106484"]

1. d4 d5 2. c4 e6 3. Nc3 Bb4 4. a3 Bxc3+ 5. bxc3 Nc6 6. e3 Nf6 7. Nf3 O-O 8. Bd3 Ne4 9. Qc2 f5 10. cxd5 exd5
11. c4 Be6 12. cxd5 Bxd5 13. O-O Ne7 14. Nd2 c6 15. Nxe4 fxe4 16. Bxe4 Bxe4 17. Qxe4 Nd5 18. Qc2 Kh8 19. e4 Nc7 20. Be3 Qd7
21. Rab1 b5 22. Rbc1 Rf6 23. d5 Qg4 24. h3 Qg6 25. e5 Qxc2 26. Rxc2 Rff8 27. d6 Ne6 28. Rxc6 a5 29. d7 Nd8 30. Rc8 Ra6
31. Bg5 Re6 32. Bxd8 Rxe5 33. Bc7 h6 34. Rxf8+
1-0

[Event "Team XLink Internal Tournament #2"]
[Site "SchemingMind.com"]
[Date "2007.05.28"]
[Round "-"]
[White "whitelynx"]
[Black "Lee Shuck"]
[Result "1-0"]
[WhiteCountry "BLR"]
[BlackCountry "ENG"]
[WhiteElo "1748"]
[WhiteRD "107"]
[BlackElo "1478"]
[BlackRD "64"]
[GameID "106485"]

1. e4 e5 2. Nf3 Nc6 3. Bc4 Bc5 4. c3 Nf6 5. d3 d6 6. h3 O-O 7. Bg5 b6 8. b4 Bxf2+ 9. Kxf2 h6 10. Bh4 d5
11. Bxd5 Bb7 12. Re1 Qd7 13. Bxf6 gxf6 14. Nh4 Rfd8 15. Nf5 h5 16. Qxh5 a5 17. Qg4+
1-0

[Event "Team XLink Internal Tournament #2"]
[Site "SchemingMind.com"]
[Date "2007.05.23"]
[Round "-"]
[White "whitelynx"]
[Black "Wolli"]
[Result "1-0"]
[WhiteCountry "BLR"]
[BlackCountry "GER"]
[WhiteElo "1748"]
[WhiteRD "107"]
[BlackElo "1874"]
[BlackRD "70"]
[GameID "106486"]

1. d4 d5 2. c4 e6 3. Nc3 Be7 4. Nf3 Nf6 5. Bf4 O-O 6. e3 c5 7. Be2 Nc6 8. O-O dxc4 9. Bxc4 cxd4 10. exd4 a6
11. a4 Na5 12. Bd3 Nc6 13. Bc2 Nb4 14. Bb3 Nbd5 15. Bg3 Bd7 16. Ne5 Bc8 17. Rc1 b6 18. Nxd5 Nxd5 19. Nc6 Qd7 20. Nxe7+ Qxe7
21. Bxd5 exd5 22. Qb3 Qd8 23. Be5 Be6 24. Qg3 f6 25. Bf4 Rc8 26. h4 Rc4 27. Rxc4 dxc4 28. Rd1 Qd5 29. Bh6
1-0

[Event "Team XLink Internal Tournament #2"]
[Site "SchemingMind.com"]
[Date "2007.05.23"]
[Round "-"]
[White "whitelynx"]
[Black "Abstract Actuary"]
[Result "0-1"]
[WhiteCountry "BLR"]
[BlackCountry "USA"]
[WhiteElo "1708"]
[WhiteRD "115"]
[BlackElo "1834"]
[BlackRD "91"]
[GameID "106487"]

1. e4 e5 2. Nf3 Nf6 3. d4 Nxe4 4. Nxe5 d6 5. Nf3 d5 6. Bd3 Bd6 7. O-O O-O 8. Re1 Re8 9. h3 Bf5 10. Nbd2 Nxd2
11. Rxe8+ Qxe8 12. Qxd2 Bxd3 13. Qxd3 c6 14. Bg5 f6 15. Bd2 Nd7 16. Re1 Qf7 17. Qe2 Kf8 18. Kf1= Re8 19. Qxe8+ Qxe8 20. Rxe8+ Kxe8
21. Ke2 Nf8 22. Nh4 Ne6 23. Nf5 Bf8 24. Kd3= g6 25. Nh6 Bxh6 26. Bxh6 g5 27. h4 Kf7 28. hxg5 fxg5 29. f4 Nxf4+ 30. Ke3 Ne6
0-1

[Event "Team XLink Internal Tournament #2"]
[Site "SchemingMind.com"]
[Date "2007.05.23"]
[Round "-"]
[White "jtrochez1"]
[Black "whitelynx"]
[Result "0-1"]
[WhiteCountry "HON"]
[BlackCountry "BLR"]
[WhiteElo "1569"]
[WhiteRD "49"]
[BlackElo "1708"]
[BlackRD "115"]
[GameID "106488"]

1. e4 c6 2. Bc4 d5 3. exd5 cxd5 4. Be2 Nc6 5. Nf3 Bf5 6. c3 e5 7. Bb5 Bd6 8. Qa4 Ne7 9. d3 a6 10. Bxc6+ Nxc6
11. d4 e4 12. Ne5 Bxe5 13. dxe5 b5 14. Qd1 Nxe5 15. O-O O-O 16. Qh5 Qf6 17. Bg5 Qe6 18. Na3 h6 19. Bc1 Ng6 20. Qd1 Nh4
21. Qh5 Ng6 22. Nc2 Bg4 23. Nd4 Qd7
0-1

[Event "Team XLink Internal Tournament #2"]
[Site "SchemingMind.com"]
[Date "2007.05.28"]
[Round "-"]
[White "Lee Shuck"]
[Black "whitelynx"]
[Result "0-1"]
[WhiteCountry "ENG"]
[BlackCountry "BLR"]
[WhiteElo "1447"]
[WhiteRD "67"]
[BlackElo "1738"]
[BlackRD "105"]
[GameID "106489"]

1. e4 e5 2. Nf3 Nc6 3. Bb5 a6 4. Bxc6 dxc6 5. O-O Bd6 6. d4 Bg4 7. dxe5 Bxf3 8. gxf3 Bxe5 9. Qxd8+ Rxd8 10. f4 Bf6
11. Nc3 Bxc3 12. bxc3 Nf6 13. Bb2 O-O 14. Rfe1 Rd2 15. Rac1 Ng4 16. Rf1 Rfd8 17. f3 Ne3 18. Rf2 Rd1+ 19. Rf1 Nxf1
0-1

[Event "Team XLink Internal Tournament #2"]
[Site "SchemingMind.com"]
[Date "2007.05.23"]
[Round "-"]
[White "Wolli"]
[Black "whitelynx"]
[Result "1/2-1/2"]
[WhiteCountry "GER"]
[BlackCountry "BLR"]
[WhiteElo "1900"]
[WhiteRD "76"]
[BlackElo "1788"]
[BlackRD "94"]
[GameID "106490"]

1. d4 Nf6 2. c4 g6 3. Nc3 d5 4. cxd5 Nxd5 5. e4 Nxc3 6. bxc3 c5 7. Bc4 Bg7 8. Ne2 O-O 9. O-O Nc6 10. Be3 Qc7
11. Rc1 Rd8 12. f4 e6 13. Kh1 Na5 14. Bd3 f5 15. exf5 exf5 16. dxc5 Be6 17. Qc2 Nc6 18. Bb5 Qa5 19. Bxc6 bxc6 20. a4 Bc4
21. Bd4 Re8 22. Rfe1 Rab8 23. Bxg7 Kxg7 24. Nd4 Qxc5 25. Qf2 Qb6 26. Re5 Rxe5 27. fxe5 Bd5 28. Kg1 Qa5 29. c4 Be4 30. e6 Qe5
31. Nf3 Qc7 32. Qd4+ Kg8 33. Qd7=
1/2-1/2

[Event "Team XLink Internal Tournament #2"]
[Site "SchemingMind.com"]
[Date "2007.05.23"]
[Round "-"]
[White "Abstract Actuary"]
[Black "whitelynx"]
[Result "1-0"]
[WhiteCountry "USA"]
[BlackCountry "BLR"]
[WhiteElo "1826"]
[WhiteRD "79"]
[BlackElo "1738"]
[BlackRD "105"]
[GameID "106491"]

1. e4 c6 2. d4 d5 3. exd5 cxd5 4. c4 Nf6 5. Nc3 g6 6. Qb3 Bg7 7. Be3 dxc4 8. Bxc4 O-O 9. Nf3 Nc6 10. Ne5 Nxe5
11. dxe5 Ng4 12. Bc5 Qc7 13. Bb4 Qxe5+ 14. Kf1 Qf4 15. Bc5 b6 16. Nd5 Qe5 17. Bxe7 Re8 18. h3 Nh6 19. Re1 Qb8 20. Bb5 Be6
21. Bxe8 Qxe8 22. Bf6 Qd7 23. Rd1 Bxd5 24. Rxd5 Qc6 25. Bxg7 Kxg7 26. Qc3+ Qxc3 27. bxc3 Rc8 28. Rd3 Nf5 29. Ke2 Kf6 30. Rc1 Ke6
31. Kd2 Rc7 32. Re1+ Kf6 33. g4 Ng7 34. Rd8 Ne6 35. Rh8 Kg7 36. Re8 Kf6 37. h4 Rd7+ 38. Kc2 Rc7 39. Re4 Rd7 40. Ra8 Nc5
41. Rd4 Re7 42. Rd2 Ne6 43. g5+ Kg7 44. Kb3 Nc5+ 45. Kc4 h6 46. Rdd8 hxg5 47. hxg5 f5 48. gxf6+ Kxf6 49. Rf8+ Kg7 50. f3 Kh6
51. a3 Kg7 52. Rae8 Rd7 53. Rd8 Re7 54. Rg8+ Kh6 55. Rd6 Rg7 56. Rxg7 Kxg7 57. Rc6 Kh6 58. Rc7 a6 59. Rc6 Nd7 60. Kd4 Kg5
61. Ke3 Kf5 62. f4 a5 63. Rd6 Nf6 64. c4 Ng4+ 65. Kf3
1-0

[Event "Team XLink Internal Tournament #2"]
[Site "SchemingMind.com"]
[Date "2007.05.23"]
[Round "-"]
[White "aston294"]
[Black "jtrochez1"]
[Result "0-1"]
[WhiteCountry "ENG"]
[BlackCountry "HON"]
[WhiteElo "1061"]
[WhiteRD "77"]
[BlackElo "1569"]
[BlackRD "49"]
[GameID "106492"]

1. d4 d5 2. Nc3 e6 3. e4 Bb4 4. a3 Bxc3+ 5. bxc3 Nc6 6. exd5 exd5 7. Nf3 Bg4 8. h3 Bd7 9. Bb5 a6 10. Bd3 Nf6
11. Ne5 Qc8 12. c4 Nxe5 13. dxe5 Ne4 14. f3 Ng3 15. Rg1 Be6 16. c3 O-O 17. cxd5 Bf5 18. Bxf5 Qxf5 19. Qb3 Qxe5+ 20. Kd2 Qe2#
0-1

[Event "Team XLink Internal Tournament #2"]
[Site "SchemingMind.com"]
[Date "2007.05.23"]
[Round "-"]
[White "aston294"]
[Black "whitelynx"]
[Result "0-1"]
[WhiteCountry "ENG"]
[BlackCountry "BLR"]
[WhiteElo "1047"]
[WhiteRD "81"]
[BlackElo "1697"]
[BlackRD "114"]
[GameID "106494"]

1. e4 b6 2. Nc3 Bb7 3. d3 e6 4. Nf3 Nf6 5. Ng5 h6 6. Nf3 Bb4 7. a3 Bc5 8. d4 Be7 9. Nd5 exd5 10. exd5 Bxd5
11. Ne5 O-O 12. Bb5 a6 13. Bd3 Bd6 14. Nf3 Re8+ 15. Be2 Bxf3 16. gxf3 Qe7 17. O-O Qxe2 18. Qxe2 Rxe2 19. Rd1 Nc6 20. Kf1 Rae8
21. Re1 Rxe1+ 22. Kg2 Bf4 23. Bxf4 Rxa1 24. Bxc7 Nd5 25. c4 Nxc7 26. b4 Nxd4 27. Kg3 Rg1+ 28. Kh4 Nf5+ 29. Kh5 g6#
0-1

[Event "Team XLink Internal Tournament #2"]
[Site "SchemingMind.com"]
[Date "2007.05.23"]
[Round "-"]
[White "aston294"]
[Black "Wolli"]
[Result "0-1"]
[WhiteCountry "ENG"]
[BlackCountry "GER"]
[WhiteElo "1061"]
[WhiteRD "77"]
[BlackElo "1845"]
[BlackRD "73"]
[GameID "106495"]

1. d4 d5 2. Nc3 Nf6 3. Nf3 e6 4. e3 c5 5. dxc5 Bxc5 6. Nb5 a6 7. Nc3 O-O 8. Ne5 Nc6 9. f4 b5 10. Nxc6 Qc7
11. Ne5 Bb7 12. Nxd5 Nxd5 13. e4 Nf6 14. a4 Nxe4 15. Nd3 Bb6 16. b3 Rad8 17. axb5 Nf2 18. Qe2 Nxh1 19. g4 axb5 20. Ne5 Nf2
21. Be3 Bxe3 22. Qxe3 Nxg4 23. Qg3 Nxe5 24. fxe5 Qxc2 25. Bxb5 Rd5 26. Ra7 Rd1#
0-1

[Event "Team XLink Internal Tournament #2"]
[Site "SchemingMind.com"]
[Date "2007.05.23"]
[Round "-"]
[White "aston294"]
[Black "Abstract Actuary"]
[Result "0-1"]
[WhiteCountry "ENG"]
[BlackCountry "USA"]
[WhiteElo "1015"]
[WhiteRD "71"]
[BlackElo "1730"]
[BlackRD "96"]
[GameID "106496"]

1. d4 Nf6 2. Nf3 d5 3. Nc3 c5 4. dxc5 Bg4 5. Ng5 e5 6. f3 Bf5 7. b4 b6 8. Nb5 bxc5 9. bxc5 Bxc5 10. Bb2 Qb6
11. Nc3 Bf2+ 12. Kd2 Qe3#
0-1

[Event "Team XLink Internal Tournament #2"]
[Site "SchemingMind.com"]
[Date "2007.05.23"]
[Round "-"]
[White "jtrochez1"]
[Black "aston294"]
[Result "1-0"]
[WhiteCountry "HON"]
[BlackCountry "ENG"]
[WhiteElo "1572"]
[WhiteRD "47"]
[BlackElo "1023"]
[BlackRD "83"]
[GameID "106497"]

1. e4 Nf6 2. Nc3 Nc6 3. Nf3 d6 4. h3 Nb4 5. Bc4 Nc6 6. Ng5 h6 7. Nxf7 Rh7 8. Nxd8 Kxd8 9. d4 Nxd4 10. Be3 c5
11. Bxd4 cxd4 12. Nd5 Nxe4 13. Bd3 Nf6 14. Nxf6 exf6 15. Bxh7 b5 16. Qxd4 Rb8 17. c3 Rb7 18. O-O f5 19. Bg6 Be7 20. Qd5 Rb6
21. Qg8+ Kd7 22. Qe8+ Kc7 23. Qxe7+ Bd7 24. Rad1 b4 25. cxb4 Rxb4 26. Qxd6+ Kb7 27. Qxb4+ Ka6 28. Rd6+ Bc6 29. Rxc6#
1-0

[Event "Team XLink Internal Tournament #2"]
[Site "SchemingMind.com"]
[Date "2007.05.23"]
[Round "-"]
[White "whitelynx"]
[Black "aston294"]
[Result "1-0"]
[WhiteCountry "BLR"]
[BlackCountry "ENG"]
[WhiteElo "1708"]
[WhiteRD "115"]
[BlackElo "1061"]
[BlackRD "77"]
[GameID "106499"]

1. e4 e5 2. Nf3 Nf6 3. Nxe5 d6 4. Nf3 Nxe4 5. d3 Nf6 6. Be2 Nc6 7. O-O Bg4 8. h3 Bf5 9. d4 Ne4 10. Bd3 g6
11. Re1 d5 12. Nbd2 Nxd4 13. Nxd4 c5 14. Nxe4 dxe4 15. Bxe4 Bxe4 16. Rxe4+ Be7 17. Bg5 f6 18. Bxf6 Rf8 19. Rxe7+ Qxe7 20. Bxe7 Kxe7
21. Qe2+ Kd7 22. Qe6+ Kc7 23. Nb5+ Kd8 24. Rd1#
1-0

[Event "Team XLink Internal Tournament #2"]
[Site "SchemingMind.com"]
[Date "2007.05.23"]
[Round "-"]
[White "Wolli"]
[Black "aston294"]
[Result "1-0"]
[WhiteCountry "GER"]
[BlackCountry "ENG"]
[WhiteElo "1874"]
[WhiteRD "70"]
[BlackElo "1023"]
[BlackRD "83"]
[GameID "106500"]

1. d4 d5 2. c4 dxc4 3. e3 Nf6 4. Bxc4 Nc6 5. Nf3 Bg4 6. Nc3 Nb4 7. a3 Nc6 8. O-O e6 9. h3 Bf5 10. b4 e5
11. dxe5 Nxe5 12. Nxe5 Bd6 13. Nxf7 Qe7 14. Nxh8 Ne4 15. Nxe4 Bxe4 16. Nf7 g6 17. Nxd6+ cxd6 18. Bb2 Qc7 19. Rc1 a5 20. Qd4 b6
21. Qh8+ Kd7 22. Qxh7+ Kd8 23. Qxc7+ Kxc7 24. f3 Bf5 25. Bd5+ Kd7 26. Bxa8 axb4 27. axb4 g5 28. g4 Bd3 29. Rfd1 Bb5 30. Rc3 Be2
31. Rd2 Bb5 32. f4 gxf4 33. exf4 Ba4 34. Rcd3 b5 35. Rxd6+ Kc7 36. Rd7+ Kb6 37. R2d6#
1-0